| 000 | 00699cam a22002537a 4500 | ||
|---|---|---|---|
| 003 | CHAP | ||
| 005 | 20220329140236.0 | ||
| 008 | 971013s1965 r 00010 d | ||
| 010 | _a49119 | ||
| 011 | _a50091 | ||
| 035 | _a54241 | ||
| 040 | _cCHAP | ||
| 082 |
_a636.089 _bP3 |
||
| 110 |
_aPfizer and Co., Inc. _987738 |
||
| 245 | 0 | _aAnimal health handbook | |
| 260 |
_a(New York) : _bThe Company, _c1965 |
||
| 300 |
_a308 p. _b: ilus. |
||
| 590 |
_aBATCH-UPD _b10 _c20130110 _lUCH01 _h1129 |
||
| 590 |
_aCONVERSION _b10 _c20130109 _lUCH01 _h1327 |
||
| 650 | 1 | 4 |
_aVeterinaria. _9118987 |
| 901 | _aBK | ||
| 942 | _cLIBRO | ||
| 949 |
_a636.089 P3 _bBC _cLIBRO _d33724000278008 _eLIBRO _h13688 _i54241 _mD _si |
||
| 999 |
_c49119 _d49119 |
||